000 00800cad a22001935a 4500
001 L150689
008 100817e2010 xxk 000 0 eng d
035 _a(Sirsi) u150689
041 0 _aeng
110 2 _aLeading Edge
_95902
245 0 0 _aConstruction output forecast 2010-2014
_bsummary
_h[electronic resource]
260 _aWokingham
_bLeading Edge
_c2010
520 _aA twice-yearly full forecast for the UK Construction output.
590 _aKA NTK
651 4 _aUnited Kingdom
_y
690 _aBUILT ENVIRONMENT-CONSTRUCTION MARKET
856 4 8 _uhttps://www.lead-edge.co.uk/sites/default/files/attachments/Construction_Forecast_Aug_2010_Contents_and_Tables.pdf
_zView this item free of charge and obtain the cost and further details of the full forecast at www.lead-edge.co.uk
942 _n0
999 _c82607
_d82607